00442nam a2200181Ia 4500008004100000020001800041050001400059100002200073245001500095245005100110260001500161260001600176260000900192300001500201300002700216300001000243500000700253170918s9999 xx 000 0 und d a9780439350976 bR846 2002 aRothman, Cynthia  aOur flag / cCynthia Rothman ; illustrated by Esther Baran. aNew York : bScholastic, c2002 a16 pages : bcolored illustration ; c23cm. aBR